000 00578nam a2200205Ia 4500
003 OSt
005 20220927114238.0
006 a|||||r|||| 00| 0
007 ta
008 220926b |||||||| |||| 00| 0 eng d
024 _a150767
037 _cTextbook
040 _aRTL
_cRTL
_beng
041 _2eng
_aeng
082 _a"Y, TD"
100 _aVATUK Silvia
_9387792
245 0 _aPurdah Revisited
_b A comparison of Hindu and Muslim interpretations of the cultural meaning of Purdah South Asia
942 _h"Y, TD"
_cCC
999 _c703622
_d703622